000 00349pab a2200145 454500
008 180718b1995 xxu||||| |||| 00| 0 eng d
100 _aRao, S.R.K.
245 _aState of economy
_bsome myths need to be exploded.
260 _c1995
300 _ap.6
362 _a1 Jul
650 _aEconomic development
773 _aStatesman
909 _a29880
999 _c29880
_d29880